Вестник прикладной химии и химической технологии (Запись № 3827663)

Подробности
000 -МАРКЕР
контрольное поле 02379nas1a22003011i 4500
001 - ИДЕНТИФИКАТОР ЗАПИСИ
контрольное поле RU\NLR\INFOCOMM18\1000058065
005 - ИДЕНТИФИКАТОР ВЕРСИИ
контрольное поле 20240726091958.0
035 ## - ДРУГИЕ СИСТЕМНЫЕ НОМЕРА
Идентификатор записи (NLR Aleph) 002646004
100 ## - ДАННЫЕ ОБЩЕЙ ОБРАБОТКИ
Данные общей обработки 20040113b19161919|||y0rusy50 ca
101 0# - ЯЗЫК РЕСУРСА
Язык текста, звукозаписи и т.д. русский
102 ## - СТРАНА ПУБЛИКАЦИИ ИЛИ ПРОИЗВОДСТВА
Страна публикации Российская Федерация
110 ## - ПОЛЕ КОДИРОВАННЫХ ДАННЫХ: ПРОДОЛЖАЮЩИЕСЯ РЕСУРСЫ
Кодированные данные продолжающегося ресурса zyu||||0|y0
200 1# - ЗАГЛАВИЕ И СВЕДЕНИЯ ОБ ОТВЕТСТВЕННОСТИ
Основное заглавие Вестник прикладной химии и химической технологии
Сведения, относящиеся к заглавию Журнал Политехн. о-ва, состоящего при Моск. высш. техн. училище, Моск. о-ва рижских политехников и О-ва технологов в Петрограде
210 ## - ПУБЛИКАЦИЯ, РАСПРОСТРАНЕНИЕ И ДР.
Место издания, распространения и т.д. М.
Имя издателя, распространителя и т. д. Политехн. о-во
Дата издания, распространения и т.д. 1916-1919
421 #1 - ПРИЛОЖЕНИЕ
Встроенное поле 2001#$aСведения о работах Московской подготовительной комиссии по вопросам химической промышленности при Химическом комитете Главного артиллерийского управления
-- 210##$aМ.$d1917
-- 300##$aПрил. 1-е к журн. ...
Заглавие Сведения о работах Московской подготовительной комиссии по вопросам химической промышленности при Химическом комитете Главного артиллерийского управления
712 02 - НАИМЕНОВАНИЕ ОРГАНИЗАЦИИ - ВТОРИЧНАЯ ОТВЕТСТВЕННОСТЬ
Начальный элемент ввода Политехническое общество
Идентифицирующий признак Москва
Код отношения Прочие
801 #1 - ИСТОЧНИК ЗАПИСИ
Страна Российская Федерация
Организация InfoComm
Дата составления 20040113
801 #0 - ИСТОЧНИК ЗАПИСИ
Страна Российская Федерация
Организация NLR
Правила каталогизации PSBO
852 ## - МЕСТОНАХОЖДЕНИЕ И ШИФР ХРАНЕНИЯ
Идентификатор организации NLR
Шифр хранения (Call Number) П8/139
942 ## - ДОПОЛНИТЕЛЬНЫЕ ЭЛЕМЕНТЫ ЗАПИСИ (АБИС)
Тип экземпляра АБИС Продолжающееся издание
980 ## - КОЛЛЕКЦИЯ
Название коллекции Русская периодика

Нет доступных экземпляров.